| 000 | 00842nam a22001817a 4500 | ||
|---|---|---|---|
| 999 |
_c15104 _d15104 |
||
| 003 | OSt | ||
| 082 | _2631.75807 NAD/IM | ||
| 088 | _aT 256 | ||
| 100 |
_aNADIYA NESTHAD _93676 |
||
| 245 | _aImpact of fertigation and drip system layout on performance of chilli (capsicum annum) | ||
| 260 |
_aTavanur 2012 _bDEPARTMENT OF LAND &WATER RESOURCES AND CONSERVATION ENGINEERING |
||
| 300 | _a137 | ||
| 500 | _aImpact of fertigation and drip system layout on performance of chilli (capsicum annum) | ||
| 520 | _aThe statistical design was fuctorial randomized block design consisted of 21 plots with seven treatments and three replications. the growth and the yield parameters were compared statistically. | ||
| 700 |
_aDr. Kurien E. K (Guide) _93474 |
||
| 856 | _uhttps://drive.google.com/open?id=19MwyRHd20bko_JLX0omIF5yAhneNLG0u | ||
| 942 | _cTH | ||